Loading...

Oru thully vellam /

Bibliographic Details
Main Author: Vasu, K. K.
Format: Printed Book
Language:Malayalam
Published: Thiruvananthapuram : STEPS , 1978.
LEADER 00473nam a2200145Ia 4500
008 150624b xxu||||| |||| 00| | mal d
082 |a 551.48 
100 |a Vasu, K. K. 
245 |c K. K. Vasu  |a Oru thully vellam / 
260 |a Thiruvananthapuram :  |b STEPS ,  |c 1978. 
300 |a 50 p. 
546 |a In Malayalam. 
942 |c BK 
999 |c 80694  |d 80694 
952 |0 1  |1 0  |4 1  |6 551_480000000000000_VAS_O_M  |7 0  |9 80638  |a UL  |b UL  |c ST1  |d 1998-09-15  |l 0  |o 551.48 VAS/O M  |p 59783  |r 2012-10-27  |w 2012-10-27  |y BK